Euskadi 6: Municipios de la costa / Kostaldeko udalak - Estadísticas

Estadísticas generales
  • Esta prueba ha sido intentada 238 veces
  • La puntuación promedio es 9 de 20
Answers on the Grid
Answers color-coded by a green-red scale on the quiz's grid according to % correct below.
Plentzia
Sukarrieta
Ibarrangelu
Ereño
Meñaka
Alonsotegi
Gautegiz Arteaga
Zestoa
Busturia
Forua
Mutriku
Mondragón
Azpeitia
Mendexa
Mendata
Zumaia
Zarautz
Usurbil
Ea
Zuia
Alkiza
Muskiz
Getxo
Aia
Abanto-Zierbena
Lemoiz
Ispaster
Gizaburuaga
Amoroto
Barrika
Berango
Pasaia
Getaria
Okondo
Irún
Hondarribia
Mendaro
Elantxobe
Asparrena
Astigarraga
 
Estadísticas de respuestas
Respuesta % Correcto
Plentzia
88%
Zarautz
79%
Getxo
71%
Mutriku
69%
Ea
68%
Zumaia
56%
Ibarrangelu
53%
Getaria
50%
Hondarribia
46%
Sukarrieta
43%
Pasaia
40%
Muskiz
39%
Elantxobe
37%
Busturia
31%
Barrika
29%
Lemoiz
26%
Ispaster
23%
Mendexa
16%
Aia
14%
Gautegiz Arteaga
3%
No se encontraron pruebas coincidentes
Distribución de puntuación
Porcentaje de gente con cada puntuación
Porcentaje por número respondido
Historial de tus puntuaciones
No has intentado esta prueba.